000 00987nam a22002537a 4500
005 20240530110625.0
008 170102s2015 ua g b 000 0 ara d
017 _a2014/26938
_bمصر. دار الكتب
020 _a9789773833077
040 _aEG-CaGPL
_cEG-CaGPL
082 0 4 _221
_a155.232\
_bف ع
100 0 _aفلافيا محمد عثمان
245 1 2 _aالعدوان العلائقى :
_bكيد النساء ام قهر الرجال ؟ /
_cفلافيا محمد عثمان
250 _aط. 1
260 _aالقاهرة :
_bايتراك للطباعة و النشر و التوزيع ،
_c2015.
300 _a239 ص. ؛
_c24 سم.
504 _aيشتمل على ارجاعات ببليوجرافية
650 0 7 _2qrmak
_aالعلاقات الانسانية
650 0 7 _2qrmak
_aعلم النفس الاجتماعى
650 0 7 _2qrmak
_aالسلوك
650 0 7 _2qrmak
_aالعدوانية
942 _2ddc
_cBK
999 _c63131
_d63131